Anuario de estudios sobre paz y conflictos

Salvato in:
Dettagli Bibliografici
Ente Autore: UNESCO (Autore)
Natura: Libro
Lingua:spagnolo
Pubblicazione: Barcelona Fontamara 1986
Soggetti:
Tags: Aggiungi Tag
Nessun Tag, puoi essere il primo ad aggiungerne!!

MARC

LEADER 00000nam a2200000 a 4500
001 UCO8028
003 CL-VaPUC
008 001124e19860000SP |||||||||||||||||spa|d
082 0 4 |a 327.172  |b UNE  |2 21 
110 2 |a UNESCO  |e author  |9 452867 
245 1 0 |a Anuario de estudios sobre paz y conflictos 
300 |a 394 p 
942 |c BK 
945 |d 20001124 00:00:00  |a crobeson 
260 |a Barcelona  |b Fontamara  |c 1986 
500 |a Donación del profesor Manfred Wilhelmy von Wolff 
650 0 |a Relaciones Internacionales  |9 255740 
650 0 |a Paz  |9 259242 
650 7 |a CONFLICTOS INTERNACIONALES  |2 CL-VaPUC  |9 334143 
650 0 |a Armamentismo  |9 257034 
583 |a last modification  |c 20001124 00:00:00  |k Rodrigo Vera 
999 |c 292839  |d 292837 
952 |0 0  |1 0  |4 0  |6 327_172000000000000_UNE_1986  |7 0  |8 A  |9 343913  |a BIBHIS  |b BIBHIS  |d 2019-11-20  |i 1235508  |o 327.172 UNE 1986  |p 1235508  |r 2025-01-20  |w 2019-11-20  |y BK  |k HIS